000 00298nam a2200133Ia 4500
008 191201s2013 xx 000 0 und d
100 _aRATTAN, SS
245 0 _aStrength of Materials
250 _a2nd
260 _aN. Delhi
_bTMH
_c2013
300 _a738
650 _aB.Tech(CE)
942 _2ddc
_cBK
999 _c5855
_d5855